| 000 | 00830nam a22002297a 4500 | ||
|---|---|---|---|
| 005 | 20100531143057.0 | ||
| 008 | 100531t xxu||||| |||| 00| 0 eng d | ||
| 010 | _aENG-96208 | ||
| 020 |
_a9788128824760 _c95.00 |
||
| 035 | _aEN-79741 | ||
| 037 | _bDBAD/PUB | ||
| 040 |
_aDPL _bEng |
||
| 082 | _a651.7 | ||
| 100 | _aRakesh | ||
| 245 |
_aThe art of communication : _ba key to success / _cby Rakesh [and ] Pragya |
||
| 260 |
_aNew Delhi _bDiamond Pocket Books _c2010 |
||
| 270 |
_aX-30, Okhla Industrial Area, Phase-11 _bNew Delhi _e110020 |
||
| 300 |
_a191p.: _c22 cm. (pbk) _bill. |
||
| 700 | _aPragya | ||
| 942 |
_2ddc _cEN _mRAK _h651.7 |
||
| 999 |
_c36420 _d36420 |
||